[Event "Managua Hurtado Memorial 15th"]
[Site "Managua"]
[Date "2015.12.29"]
[Round "6"]
[White "Espinoza Meza, Juan Jose"]
[Black "Burgos Figueroa, Carlos Ernesto"]
[Result "0-1"]
[WhiteElo "2204"]
[BlackElo "2242"]
[PlyCount "88"]
[EventDate "2015.12.26"]
[EventType "swiss"]
[EventRounds "9"]
[EventCountry "NCA"]
[SourceTitle "CBM 170 Extra"]
[Source "ChessBase"]
[SourceDate "2016.02.25"]
[SourceVersion "1"]
[SourceVersionDate "2016.02.25"]
[SourceQuality "1"]

1. Nf3 c5 2. c4 Nc6 3. Nc3 g6 4. g3 Bg7 5. Bg2 e5 6. d3 Nge7 7. h4 h6 8. h5 g5 9. e4 d6 10. Nd2 Be6 11. Bh3 f5 12. g4 fxg4 13. Bxg4 Bxg4 14. Qxg4 Nd4 15. Rb1 0-0 16. Rh3 Rf4 17. Qg2 Qd7 18. Ne2 Raf8 19. Nxf4 exf4 20. b3 Nec6 21. Bb2 g4 22. Bxd4 Bxd4 23. Rh4 Ne5 24. f3 g3 25. Ke2 Kh7 26. Rc1 Be3 27. Rc2 Nc6 28. Nf1 Nd4+ 29. Kd1 Nxc2 30. Kxc2 Bd4 31. Rg4 Qd8 32. Qd2 Be5 33. d4 cxd4 34. Rg6 Qb6 35. Kd3 Qa6 36. Nxg3 b5 37. Nf5 bxc4+ 38. bxc4 Qa3+ 39. Ke2 Rb8 40. Rxh6+ Kg8 41. Rg6+ Kf8 42. Nxd4 Rb2 43. Nc2 Qxa2 44. Kd1 Qxc4 0-1

[Event "Managua Hurtado Memorial 15th"]
[Site "Managua"]
[Date "2015.12.28"]
[Round "4"]
[White "Pilarte, Mario"]
[Black "Espinoza Meza, Juan Jose"]
[Result "0-1"]
[WhiteElo "1900"]
[BlackElo "2204"]
[PlyCount "82"]
[EventDate "2015.12.26"]
[EventType "swiss"]
[EventRounds "9"]
[EventCountry "NCA"]
[SourceTitle "CBM 170 Extra"]
[Source "ChessBase"]
[SourceDate "2016.02.25"]
[SourceVersion "1"]
[SourceVersionDate "2016.02.25"]
[SourceQuality "1"]

1. e4 e5 2. Nf3 Nf6 3. Nxe5 d6 4. Nf3 Nxe4 5. d4 Be7 6. Bd3 Nf6 7. 0-0 0-0 8. c4 Nc6 9. h3 Nb4 10. Be2 Bf5 11. Nc3 Bc2 12. Qd2 Bg6 13. a3 Nc6 14. Bd3 d5 15. Bxg6 hxg6 16. c5 Ne4 17. Qc2 Re8 18. Bf4 Bf6 19. Rad1 Nxc3 20. Qxc3 Re4 21. Bg3 Qd7 22. b4 a6 23. a4 Rae8 24. Rd2 g5 25. Rfd1 g4 26. hxg4 Rxg4 27. b5 axb5 28. axb5 Na7 29. Ne5 Bxe5 30. Bxe5 Nxb5 31. Qf3 Re4 32. Qg3 Qg4 33. Qd3 Qd7 34. Qg3 Rg4 35. Qf3 f6 36. Bg3 Rge4 37. Kh2 c6 38. Kg1 Qe6 39. Rd3 Qf7 40. Qf5 g6 41. Qf3 Re1+ 0-1

[Event "Managua Hurtado Memorial 15th"]
[Site "Managua"]
[Date "2015.12.26"]
[Round "1"]
[White "Pichardo, Carlos"]
[Black "Espinoza Meza, Juan Jose"]
[Result "0-1"]
[WhiteElo "1795"]
[BlackElo "2204"]
[PlyCount "36"]
[EventDate "2015.12.26"]
[EventType "swiss"]
[EventRounds "9"]
[EventCountry "NCA"]
[SourceTitle "CBM 170 Extra"]
[Source "ChessBase"]
[SourceDate "2016.02.25"]
[SourceVersion "1"]
[SourceVersionDate "2016.02.25"]
[SourceQuality "1"]

1. d4 d5 2. Nf3 c6 3. c4 Nf6 4. e3 e6 5. Bd3 Nbd7 6. 0-0 Bd6 7. cxd5 exd5 8. Nc3 0-0 9. b3 Re8 10. Bb2 Ne4 11. a4 f5 12. Qc2 Qf6 13. Ba3 Bb8 14. b4 Qh6 15. g3 Ndf6 16. b5 Ng4 17. Nd1 Qh3 18. bxc6 Ng5 0-1

[Event "NCA-ch"]
[Site "Managua"]
[Date "2012.03.24"]
[Round "10"]
[White "Leyva, Hector"]
[Black "Espinoza Meza, Juan Jose"]
[Result "1-0"]
[WhiteElo "2377"]
[BlackElo "2243"]
[PlyCount "161"]
[EventDate "2012.03.03"]
[EventType "tourn"]
[EventRounds "11"]
[EventCountry "NCA"]
[SourceTitle "EXT 2013"]
[Source "ChessBase"]
[SourceDate "2012.11.22"]
[SourceVersion "1"]
[SourceVersionDate "2012.11.22"]
[SourceQuality "1"]

1. e4 c6 2. d4 d5 3. e5 Bf5 4. Be3 e6 5. Nd2 Qb6 6. Nb3 a5 7. a4 Na6 8. c3 h5 9. Nf3 Be7 10. Be2 Nh6 11. 0-0 Bg6 12. Bg5 Nf5 13. Bxe7 Nxe7 14. Ra3 h4 15. Ne1 Qc7 16. h3 b6 17. Qd2 c5 18. Bb5+ Kf8 19. Qe2 Bh5 20. Nf3 c4 21. Nbd2 Bg6 22. Rc1 Qb7 23. b3 Bd3 24. Qd1 Nc7 25. bxc4 Nxb5 26. cxb5 Rc8 27. Nf1 Bc4 28. Ne3 Rh6 29. Raa1 Rh8 30. Ng5 Qd7 31. Qf3 Ng6 32. Rd1 Qe7 33. Qg4 Qd7 34. Rd2 Ne7 35. Nf3 Ng6 36. Kh2 Bb3 37. Rd3 Bxa4 38. Rd2 Bb3 39. Rc1 Bc4 40. Ng5 Ne7 41. g3 Nf5 42. Nxf5 exf5 43. Qf4 g6 44. Re1 hxg3+ 45. fxg3 Qe7 46. g4 fxg4 47. Qxg4 Kg7 48. Rf2 Rcf8 49. Rg1 Bd3 50. Rf6 Rh6 51. Qf4 Rh5 52. Ne6+ Qxe6 53. Rxe6 fxe6 54. Qg4 Rxh3+ 55. Qxh3 Rh8 56. Qxh8+ Kxh8 57. Kg3 Kg7 58. Kf4 Kh6 59. Rh1+ Kg7 60. Kg5 Bc4 61. Ra1 Bd3 62. Ra2 Bc4 63. Ra3 Bd3 64. Ra1 Bc4 65. Kf4 Kh6 66. Rh1+ Kg7 67. Kg5 Bd3 68. Kf4 Bc4 69. Ke3 a4 70. Ra1 Bxb5 71. Rb1 Bc4 72. Rxb6 a3 73. Rxe6 g5 74. Re7+ Kg6 75. Ra7 a2 76. e6 a1Q 77. Rxa1 Kf6 78. Kf3 Kxe6 79. Kg4 Kf6 80. Re1 Bb3 81. Rf1+ 1-0

[Event "NCA-ch"]
[Site "Managua"]
[Date "2012.03.18"]
[Round "8"]
[White "Picado, Jorge Luis"]
[Black "Espinoza Meza, Juan Jose"]
[Result "1-0"]
[WhiteElo "2211"]
[BlackElo "2243"]
[PlyCount "61"]
[EventDate "2012.03.03"]
[EventType "tourn"]
[EventRounds "11"]
[EventCountry "NCA"]
[SourceTitle "EXT 2013"]
[Source "ChessBase"]
[SourceDate "2012.11.22"]
[SourceVersion "1"]
[SourceVersionDate "2012.11.22"]
[SourceQuality "1"]

1. e4 e5 2. Nf3 Nf6 3. Nxe5 d6 4. Nf3 Nxe4 5. Nc3 Nxc3 6. dxc3 Be7 7. Be3 Nd7 8. Qd2 c6 9. 0-0-0 Qa5 10. Kb1 0-0 11. g4 Ne5 12. Nxe5 dxe5 13. f3 Rd8 14. Bd3 Be6 15. c4 Bb4 16. Qe2 b5 17. h4 Qa6 18. b3 bxc4 19. Bxc4 Bxc4 20. Qxc4 Qxc4 21. Rxd8+ Rxd8 22. bxc4 Ba3 23. Ka1 f6 24. Bxa7 Rd2 25. Be3 Rxc2 26. Rb1 Rxc4 27. Rb3 Bb4 28. Kb2 h5 29. a3 Bxa3+ 30. Rxa3 hxg4 31. Kb3 1-0

[Event "NCA-ch"]
[Site "Managua"]
[Date "2012.03.04"]
[Round "3"]
[White "Madrigal, Mariano"]
[Black "Espinoza Meza, Juan Jose"]
[Result "1/2-1/2"]
[WhiteElo "2070"]
[BlackElo "2243"]
[PlyCount "36"]
[EventDate "2012.03.03"]
[EventType "tourn"]
[EventRounds "11"]
[EventCountry "NCA"]
[SourceTitle "EXT 2013"]
[Source "ChessBase"]
[SourceDate "2012.11.22"]
[SourceVersion "1"]
[SourceVersionDate "2012.11.22"]
[SourceQuality "1"]

1. e4 d6 2. d4 Nf6 3. Nc3 c6 4. f4 Qa5 5. Bd3 e5 6. Nf3 Nbd7 7. 0-0 Be7 8. Kh1 0-0 9. Qe1 exd4 10. Nd5 Qd8 11. Nxe7+ Qxe7 12. e5 Nd5 13. Nxd4 Nc5 14. Nf5 Bxf5 15. Bxf5 Rfe8 16. Qf2 Nd7 17. exd6 Qxd6 18. Bd2 Ne7 1/2-1/2

[Event "NCA-chT Primera Division"]
[Site "Managua"]
[Date "2012.02.19"]
[Round "5"]
[White "Espinoza Meza, Juan Jose"]
[Black "Alvarez Gamez, Ismael"]
[Result "1/2-1/2"]
[WhiteElo "2181"]
[BlackElo "2013"]
[PlyCount "107"]
[EventDate "2012.02.17"]
[EventType "swiss"]
[EventRounds "9"]
[EventCountry "NCA"]
[SourceTitle "EXT 2024"]
[Source "ChessBase"]
[SourceDate "2023.10.10"]
[SourceVersion "1"]
[SourceVersionDate "2023.10.10"]
[SourceQuality "1"]

1. d4 d5 2. c4 c6 3. cxd5 cxd5 4. Nc3 Nf6 5. Bf4 e6 6. Rc1 Bd6 7. Bxd6 Qxd6 8. Nf3 0-0 9. e3 Ne4 10. Bd3 f5 11. Ne5 Nc6 12. Nxc6 bxc6 13. 0-0 e5 14. Ne2 Bd7 15. Rc2 Rf6 16. f4 exd4 17. Bxe4 fxe4 18. Qxd4 a5 19. Rc5 a4 20. Nc3 Rg6 21. Rf2 Be8 22. Rd2 Qf8 23. Nxd5 cxd5 24. Rxd5 Rc8 25. h3 Qf6 26. Qxe4 Bc6 27. Qc4 Qe6 28. Rc5 Qxc4 29. Rxc4 Ra8 30. Rdc2 Bb5 31. Rb4 Rb6 32. Rc5 Rab8 33. b3 Be8 34. Rxb6 Rxb6 35. bxa4 Bxa4 36. Kf2 Rb2+ 37. Kf3 Bd1+ 38. Ke4 Rxg2 39. Ke5 Rxa2 40. Rc8+ Kf7 41. Rc7+ Kg6 42. f5+ Kh6 43. e4 Re2 44. Re7 Bc2 45. Kf4 Bd3 46. Kf3 Rxe4 47. Rxe4 Bxe4+ 48. Kxe4 Kg5 49. Ke5 h5 50. Ke4 Kh4 51. Kf4 Kxh3 52. Kf3 Kh2 53. Kf4 Kh3 54. Kf3 1/2-1/2

[Event "NCA-chT Primera Division"]
[Site "Managua"]
[Date "2012.02.18"]
[Round "4.2"]
[White "Bravo, William"]
[Black "Espinoza Meza, Juan Jose"]
[Result "1-0"]
[WhiteElo "2233"]
[BlackElo "2181"]
[PlyCount "75"]
[EventDate "2012.02.17"]
[EventType "swiss"]
[EventRounds "9"]
[EventCountry "NCA"]
[SourceTitle "EXT 2024"]
[Source "ChessBase"]
[SourceDate "2023.10.10"]
[SourceVersion "1"]
[SourceVersionDate "2023.10.10"]
[SourceQuality "1"]

1. d4 Nf6 2. c4 e6 3. Nf3 Bb4+ 4. Bd2 Qe7 5. g3 b6 6. Bg2 Bb7 7. 0-0 Bxd2 8. Qxd2 0-0 9. Nc3 Ne4 10. Nxe4 Bxe4 11. Qf4 d5 12. cxd5 exd5 13. Rfc1 c5 14. dxc5 bxc5 15. Qe5 Qd8 16. e3 Nd7 17. Qf4 Qb6 18. b3 Nf6 19. Nd2 Bxg2 20. Kxg2 Rfe8 21. Rc2 Rad8 22. Rac1 d4 23. e4 Nd7 24. Nc4 Qg6 25. f3 Nf8 26. Ne5 Qe6 27. Nd3 Qb6 28. Qd2 Ne6 29. Nxc5 f5 30. Nxe6 Qxe6 31. Rc6 Qe7 32. Rc7 Rd7 33. Rxd7 Qxd7 34. Qd3 fxe4 35. fxe4 Qg4 36. Qxd4 Qe2+ 37. Kg1 h5 38. Qc4+ 1-0

[Event "NCA-chT Primera Division"]
[Site "Managua"]
[Date "2012.02.17"]
[Round "1.6"]
[White "Espinoza Meza, Juan Jose"]
[Black "Mendez, Paulino"]
[Result "1-0"]
[WhiteElo "2181"]
[BlackElo "1884"]
[PlyCount "77"]
[EventDate "2012.02.17"]
[EventType "swiss"]
[EventRounds "9"]
[EventCountry "NCA"]
[SourceTitle "EXT 2024"]
[Source "ChessBase"]
[SourceDate "2023.10.10"]
[SourceVersion "1"]
[SourceVersionDate "2023.10.10"]
[SourceQuality "1"]

1. d4 d5 2. c4 e6 3. Nc3 Nf6 4. Bg5 Nbd7 5. cxd5 exd5 6. e3 Bb4 7. Qb3 Bxc3+ 8. bxc3 0-0 9. Nf3 Re8 10. Bd3 Qe7 11. 0-0 c5 12. Qa3 c4 13. Qxe7 Rxe7 14. Bc2 h6 15. Bh4 g5 16. Bg3 Ne4 17. Bxe4 Rxe4 18. h4 f6 19. a4 a5 20. Rfb1 Ra6 21. Rb5 Rb6 22. Rxd5 Rb3 23. Nd2 Re6 24. Nxb3 cxb3 25. c4 Nb6 26. Rd8+ Kf7 27. Rb1 Ke7 28. Bc7 Nxa4 29. d5 Re4 30. Rxc8 b2 31. Bxa5 b6 32. Bd2 Rxh4 33. g3 Kd7 34. gxh4 Kxc8 35. hxg5 hxg5 36. Bb4 Kd7 37. Kf1 f5 38. Ke1 f4 39. exf4 1-0

[Event "Managua KPMG Masters"]
[Site "Managua"]
[Date "2011.07.03"]
[Round "9"]
[White "Rocha, Maximiliano"]
[Black "Espinoza Meza, Juan Jose"]
[Result "1/2-1/2"]
[WhiteElo "2217"]
[BlackElo "2096"]
[PlyCount "112"]
[EventDate "2011.06.26"]
[EventType "tourn"]
[EventRounds "9"]
[EventCountry "NCA"]
[SourceTitle "EXT 2024"]
[Source "ChessBase"]
[SourceDate "2023.10.10"]
[SourceVersion "1"]
[SourceVersionDate "2023.10.10"]
[SourceQuality "1"]

1. d4 d5 2. Nf3 Nf6 3. c4 c6 4. cxd5 cxd5 5. Nc3 Nc6 6. Bf4 a6 7. e3 Bf5 8. Be2 e6 9. Qb3 Bb4 10. 0-0 0-0 11. Ne5 Bxc3 12. Nxc6 bxc6 13. Qxc3 Qb6 14. f3 Rfe8 15. Rfc1 Rac8 16. Qa3 Nd7 17. Rc3 e5 18. Rb3 Qa7 19. dxe5 a5 20. Rc1 Nxe5 21. Rc5 a4 22. Bxe5 Rxe5 23. Rbc3 Rce8 24. Bf1 h6 25. Kf2 Bg6 26. b4 Qe7 27. Qc1 Qh4+ 28. Kg1 Rh5 29. h3 Qxb4 30. Rxc6 Rhe5 31. Rc8 Kh7 32. Rxe8 Rxe8 33. Bd3 Qb6 34. Bxg6+ Qxg6 35. Qd2 Rb8 36. Qd3 Rb1+ 37. Kh2 Rb2 38. Qxg6+ Kxg6 39. Ra3 Rb4 40. Rd3 Rb2 41. Rxd5 Rxa2 42. Kg3 Kf6 43. Ra5 g6 44. f4 h5 45. Kf3 Kg7 46. g4 h4 47. g5 a3 48. Kg4 Ra1 49. Kxh4 a2 50. Ra7 Kf8 51. Ra3 Ke7 52. Ra8 Ke6 53. f5+ Kd6 54. Ra7 Rf1 55. Ra3 Ke7 56. Ra7+ Kf8 1/2-1/2

[Event "Managua KPMG Masters"]
[Site "Managua"]
[Date "2011.07.02"]
[Round "7"]
[White "Ortiz, Marcos"]
[Black "Espinoza Meza, Juan Jose"]
[Result "1/2-1/2"]
[WhiteElo "2136"]
[BlackElo "2096"]
[PlyCount "102"]
[EventDate "2011.06.26"]
[EventType "tourn"]
[EventRounds "9"]
[EventCountry "NCA"]
[SourceTitle "EXT 2024"]
[Source "ChessBase"]
[SourceDate "2023.10.10"]
[SourceVersion "1"]
[SourceVersionDate "2023.10.10"]
[SourceQuality "1"]

1. e4 c6 2. d4 d5 3. e5 Bf5 4. Nc3 e6 5. g4 Bg6 6. Nge2 c5 7. h4 h6 8. Be3 Nc6 9. dxc5 Nxe5 10. Nd4 Nf6 11. Bb5+ Ned7 12. h5 Bh7 13. Qe2 Ne4 14. Nxe4 Bxe4 15. f3 Bh7 16. 0-0-0 a6 17. Ba4 Qa5 18. Bb3 Nxc5 19. Bxd5 Nd3+ 20. cxd3 Qxd5 21. Kb1 Rd8 22. Ka1 Bc5 23. Nb3 Bxe3 24. Qxe3 0-0 25. Nc5 Rd6 26. Ne4 Bxe4 27. fxe4 Qd4 28. Qxd4 Rxd4 29. Kb1 Rfd8 30. Kc2 Kf8 31. Rhf1 Ke7 32. Kc3 Ra4 33. a3 Rc8+ 34. Kd2 Ra5 35. Rc1 Rxc1 36. Rxc1 Kd7 37. Ke3 Rg5 38. Kf4 Rb5 39. b4 b6 40. Rc4 a5 41. d4 axb4 42. axb4 f6 43. Kf3 Rg5 44. Rc2 f5 45. gxf5 exf5 46. e5 Rxh5 47. d5 Rh4 48. Rc6 Rd4 49. e6+ Ke7 50. Rc7+ Ke8 51. Rc8+ Ke7 1/2-1/2

[Event "Managua KPMG Masters"]
[Site "Managua"]
[Date "2011.06.26"]
[Round "1"]
[White "Espinoza Meza, Juan Jose"]
[Black "Carranza Narvaez, Sergio Ivan"]
[Result "1/2-1/2"]
[WhiteElo "2096"]
[BlackElo "2061"]
[PlyCount "145"]
[EventDate "2011.06.26"]
[EventType "tourn"]
[EventRounds "9"]
[EventCountry "NCA"]
[SourceTitle "EXT 2024"]
[Source "ChessBase"]
[SourceDate "2023.10.10"]
[SourceVersion "1"]
[SourceVersionDate "2023.10.10"]
[SourceQuality "1"]

1. c4 e5 2. Nc3 Nf6 3. g3 Nc6 4. Bg2 Be7 5. Nf3 0-0 6. 0-0 d6 7. d4 Bg4 8. d5 Nb8 9. Qb3 Qc8 10. Ne1 Nbd7 11. Nd3 b6 12. f3 Bh5 13. Bh3 Qd8 14. Nb4 Qe8 15. Nb5 Bd8 16. Na6 Nc5 17. Qa3 Nxd5 18. Nxd6 cxd6 19. cxd5 Qb5 20. Nxc5 bxc5 21. e4 Bb6 22. Be3 Ba5 23. Rf2 Bb4 24. Qb3 a5 25. Qc2 a4 26. Bf1 Qd7 27. g4 Bg6 28. h4 h6 29. h5 Bh7 30. a3 Ba5 31. Bc4 Bd8 32. Rg2 Bh4 33. Kh2 Rfb8 34. Kh3 Qe7 35. Rf1 Rb7 36. Bd2 Bg5 37. Bc3 Bf4 38. Qf2 Qg5 39. Re1 g6 40. Qh4 Kg7 41. Rf2 Kf6 42. Rg2 Rg8 43. Rgg1 Qxh4+ 44. Kxh4 gxh5 45. gxh5 Rbb8 46. Rg4 Ke7 47. Reg1 Bg5+ 48. Rxg5 hxg5+ 49. Rxg5 Kf6 50. Rg4 Ke7 51. Bd3 f6 52. Bc2 Ra8 53. Kg3 Kf7 54. Kf2 Rg5 55. Rxg5 fxg5 56. Kg3 Kf6 57. Kg4 Ra7 58. Bd2 Rg7 59. Bxa4 Bg8 60. h6 Rb7 61. Bxg5+ Kg6 62. Bc1 Bf7 63. f4 exf4 64. Bc2 Kxh6 65. Bxf4+ Kh7 66. b4 cxb4 67. axb4 Rxb4 68. Kf3 Rb6 69. Kg4 Kg7 70. Bg5 Rb5 71. Be7 Rxd5 72. exd5 Bxd5 73. Bxd6 1/2-1/2

[Event "Managua KPMG Masters"]
[Site "Managua"]
[Date "2011.06.26"]
[Round "6"]
[White "Espinoza Meza, Juan Jose"]
[Black "Fonseca Cabrera, Ernesto Gregorio"]
[Result "1-0"]
[WhiteElo "2096"]
[BlackElo "2145"]
[PlyCount "51"]
[EventDate "2011.06.26"]
[EventType "tourn"]
[EventRounds "9"]
[EventCountry "NCA"]
[SourceTitle "EXT 2024"]
[Source "ChessBase"]
[SourceDate "2023.10.10"]
[SourceVersion "1"]
[SourceVersionDate "2023.10.10"]
[SourceQuality "1"]

1. c4 e6 2. Nc3 d5 3. d4 Nf6 4. Bg5 c6 5. e3 Nbd7 6. cxd5 exd5 7. Bd3 Be7 8. Qc2 0-0 9. Nf3 Re8 10. 0-0-0 b5 11. Ne5 Qb6 12. Nxd7 Bxd7 13. Bxf6 Bxf6 14. Bxh7+ Kh8 15. Bf5 Bxf5 16. Qxf5 a5 17. g4 a4 18. g5 b4 19. Ne2 Be7 20. Rhg1 Kg8 21. Nf4 Qc7 22. g6 Bf8 23. Qh5 fxg6 24. Nxg6 Re6 25. Qh8+ Kf7 26. Nxf8 1-0

[Event "Managua Grand Prix 12th"]
[Site "Managua"]
[Date "2011.04.18"]
[Round "6.12"]
[White "Espinoza Meza, Juan Jose"]
[Black "Jimenez Martinez, Alexander"]
[Result "1-0"]
[WhiteElo "2135"]
[BlackElo "1778"]
[PlyCount "67"]
[EventDate "2011.04.16"]
[EventType "swiss"]
[EventRounds "7"]
[EventCountry "NCA"]
[SourceTitle "EXT 2024"]
[Source "ChessBase"]
[SourceDate "2023.10.10"]
[SourceVersion "1"]
[SourceVersionDate "2023.10.10"]
[SourceQuality "1"]

1. d4 Nf6 2. Nf3 g6 3. g3 Bg7 4. Bg2 0-0 5. 0-0 d6 6. c4 Nbd7 7. Nc3 e5 8. d5 a5 9. Bg5 h6 10. Bd2 b6 11. Ne1 Ba6 12. b3 Nc5 13. Nc2 Nh5 14. e4 a4 15. Ne3 axb3 16. axb3 Bb7 17. Rxa8 Bxa8 18. b4 Nd7 19. Ng4 Kh7 20. Qc1 g5 21. Qd1 Ndf6 22. Ne3 Bb7 23. Bf3 g4 24. Be2 Bc8 25. h3 Nf4 26. gxf4 exf4 27. Nxg4 Rg8 28. Kh2 Nxg4+ 29. Bxg4 Be5 30. Bxc8 f3+ 31. Kh1 Rg2 32. Bf5+ Kh8 33. Qxf3 Rh2+ 34. Kg1 1-0

[Event "Managua Grand Prix 12th"]
[Site "Managua"]
[Date "2011.04.17"]
[Round "3.7"]
[White "Medrano, Randall"]
[Black "Espinoza Meza, Juan Jose"]
[Result "1-0"]
[WhiteElo "1914"]
[BlackElo "2135"]
[PlyCount "66"]
[EventDate "2011.04.16"]
[EventType "swiss"]
[EventRounds "7"]
[EventCountry "NCA"]
[SourceTitle "EXT 2024"]
[Source "ChessBase"]
[SourceDate "2023.10.10"]
[SourceVersion "1"]
[SourceVersionDate "2023.10.10"]
[SourceQuality "1"]

1. e4 d6 2. d4 Nf6 3. Nc3 c6 4. Be3 Nbd7 5. f3 e6 6. g4 Nb6 7. Qd2 Be7 8. g5 Nfd7 9. 0-0-0 d5 10. Bd3 Nc4 11. Bxc4 dxc4 12. f4 0-0 13. Kb1 b5 14. Nce2 f5 15. Ng3 Bb7 16. Nh3 Nb6 17. Nf2 Na4 18. Qe1 Bd6 19. Bc1 Re8 20. Rg1 b4 21. Qf1 Ba6 22. Qh3 Rb8 23. Ka1 b3 24. Nh5 Kh8 25. exf5 exf5 26. Qxf5 Rf8 27. Qh3 Nxb2 28. Nf6 gxf6 29. g6 Rb7 30. g7+ Rxg7 31. Rxg7 Kxg7 32. Bxb2 bxc2 33. Rg1+ Kh8 1-0